Chemistry : The central science

Chemistry: The Central Science is the most trusted book on the market--its scientific accuracy, clarity, innovative pedagogy, functional problem-solving and visuals set this book apart. Brown, LeMay, and Bursten teach students the concepts and skills they need without overcomplicating the subject....

Cur síos iomlán

Đã lưu trong:
Sonraí Bibleagrafaíochta
Formáid: Leabhar
Teanga:Undetermined
Foilsithe: Upper Saddle River, NJ Pearson Prentice Hall 2006
Ábhair:
Clibeanna: Cuir Clib Leis
Gan Chlibeanna, Bí ar an gcéad duine leis an taifead seo a chlibeáil!
Thư viện lưu trữ: Trung tâm Học liệu Trường Đại học Cần Thơ
LEADER 01003nam a2200205Ia 4500
001 CTU_191905
008 210402s9999 xx 000 0 und d
082 |a 540 
082 |b C517 
245 0 |a Chemistry : 
245 4 |b The central science 
245 0 |c Theodore L. Brown ... [et al.]. 
260 |a Upper Saddle River, NJ 
260 |b Pearson Prentice Hall 
260 |c 2006 
520 |a Chemistry: The Central Science is the most trusted book on the market--its scientific accuracy, clarity, innovative pedagogy, functional problem-solving and visuals set this book apart. Brown, LeMay, and Bursten teach students the concepts and skills they need without overcomplicating the subject. A comprehensive media package that works in tandem with the text helps students practice and learn while providing instructors the tools they need to succeed. 
650 |a Chemistry,Hóa học 
650 |x Giáo trình 
910 |a Hải 
980 |a Trung tâm Học liệu Trường Đại học Cần Thơ